000 00328 a2200157 4500
001 179871
020 _a
040 _cMagnum
100 _aMarco, Gerson de
240 1 0 _aHistoria da salvacao
_lpor
245 1 0 _aHistoria da salvacao
362 0 _a1899
440 1 _aPaulinas
697 _aMAGNITO: RELIGIAO
942 _cBK
999 _c179871
_d179871